Marketingové aspekty rozvoja elektromobility na Slovensku

Marketingové opatrenia, ktoré prispejú k rozvoju elektromobility na Slovensku. Sumarizácia teoretických poznatkov z problematiky elektromobility, analýza súčasného stavu a predpokladov rozvoja elektromobility na Slovensku, realizácia primárneho prieskumu metódou dopytovania prostredníctvom štruktúro...

Descripción completa

Guardado en:
Detalles Bibliográficos
Autor principal: Kóňa, Jakub, 1995-
Otros Autores: Kóňa, Andrej
Formato: Capítulo de libro
Lenguaje:eslovaco
Materias:
Etiquetas: Agregar Etiqueta
Sin Etiquetas, Sea el primero en etiquetar este registro!

MARC

LEADER 00000naa$a2200000$$$4500
001 0260468
005 20240502074126.8
041 0 |a slo 
044 |a SK 
245 1 0 |a Marketingové aspekty rozvoja elektromobility na Slovensku  |c Jakub Kóňa, Andrej Kóňa 
520 |a Marketingové opatrenia, ktoré prispejú k rozvoju elektromobility na Slovensku. Sumarizácia teoretických poznatkov z problematiky elektromobility, analýza súčasného stavu a predpokladov rozvoja elektromobility na Slovensku, realizácia primárneho prieskumu metódou dopytovania prostredníctvom štruktúrovaného online otazníka. 
610 2 0 |a elektromobily 
610 2 0 |a Slovensko 
610 2 0 |a marketing 
610 2 0 |a automobily 
100 1 |a Kóňa, Jakub, 1995- 
700 1 |a Kóňa, Andrej